<?xml version="1.0" encoding="UTF-8"?>
<record
    xmlns:xsi="http://www.w3.org/2001/XMLSchema-instance"
    xsi:schemaLocation="http://www.loc.gov/MARC21/slim http://www.loc.gov/standards/marcxml/schema/MARC21slim.xsd"
    xmlns="http://www.loc.gov/MARC21/slim">

  <leader>01545nam a22002535i 4500</leader>
  <controlfield tag="001">156422</controlfield>
  <controlfield tag="003">ES-MaACL</controlfield>
  <controlfield tag="005">20250726075512.0</controlfield>
  <controlfield tag="008">040729s1874    fr           |||| | fre d</controlfield>
  <datafield tag="040" ind1=" " ind2=" ">
    <subfield code="a">CAM </subfield>
    <subfield code="b">spa </subfield>
    <subfield code="c">CAM</subfield>
  </datafield>
  <datafield tag="080" ind1=" " ind2=" ">
    <subfield code="a">821.13'342.3</subfield>
  </datafield>
  <datafield tag="100" ind1="1" ind2=" ">
    <subfield code="a">Joret, Charles.</subfield>
    <subfield code="9">128351</subfield>
  </datafield>
  <datafield tag="245" ind1="1" ind2="0">
    <subfield code="a">Du C dans les langues romanes / </subfield>
    <subfield code="c">par Charles Joret.</subfield>
  </datafield>
  <datafield tag="260" ind1=" " ind2=" ">
    <subfield code="a">Paris : </subfield>
    <subfield code="b">Librairie A. Franck, F. Vieweg, propri&#xE8;taire, </subfield>
    <subfield code="c">1874 (</subfield>
    <subfield code="e">Nogent-le-Rotrou : </subfield>
    <subfield code="f">Imprimerie de A. Gouverneur)</subfield>
  </datafield>
  <datafield tag="300" ind1=" " ind2=" ">
    <subfield code="a">XX, 344 p. ; </subfield>
    <subfield code="c">24 cm.</subfield>
  </datafield>
  <datafield tag="490" ind1="1" ind2=" ">
    <subfield code="a">Collection philologique. Recueil de travaux originaux ou traduits relatifs &#xE0; la philologie &amp; &#xE0; l'histoire litt&#xE9;raire. Nouvelle s&#xE9;rie ; </subfield>
    <subfield code="v">8</subfield>
  </datafield>
  <datafield tag="490" ind1="1" ind2=" ">
    <subfield code="a">Biblioth&#xE8;que de l'Ecole des hautes &#xE9;tudes. Sciences historiques et philologiques ; </subfield>
    <subfield code="v">fasc. 16</subfield>
  </datafield>
  <datafield tag="598" ind1=" " ind2=" ">
    <subfield code="a">Tambi&#xE9;n se public&#xF3; en la Biblioth&#xE8;que de l'Ecole des Hautes Etudes. Sciences historiques et philologiques ; 16.</subfield>
  </datafield>
  <datafield tag="650" ind1="0" ind2="4">
    <subfield code="a">Lenguas rom&#xE1;nicas.</subfield>
    <subfield code="9">14367</subfield>
  </datafield>
  <datafield tag="830" ind1="0" ind2=" ">
    <subfield code="a">Collection philologique. Recueil de travaux originaux ou traduits relatifs &#xE0; la philologie &amp; &#xE0; l'histoire litt&#xE9;raire. Nouvelle s&#xE9;rie ; </subfield>
    <subfield code="v">8</subfield>
    <subfield code="9">221668</subfield>
  </datafield>
  <datafield tag="830" ind1="0" ind2="0">
    <subfield code="a">Biblioth&#xE8;que de l'&#xC9;cole des Hautes &#xC9;tudes. Sciences historiques et philologiques</subfield>
    <subfield code="v">fasc. 16</subfield>
    <subfield code="9">229685</subfield>
  </datafield>
  <datafield tag="852" ind1=" " ind2=" ">
    <subfield code="a">ES-MaACL</subfield>
    <subfield code="j">C-7560 </subfield>
    <subfield code="z">-- Enc. hol., conservando la cub. original </subfield>
    <subfield code="z">-- En la cub. y en la port. de la serie est&#xE1; tachado el n&#xFA;mero de la serie 8 por 16, que es el que le corresponde en la serie Biblioth&#xE8;que de l'Ecole des Hautes Etudes</subfield>
  </datafield>
  <datafield tag="999" ind1=" " ind2=" ">
    <subfield code="c">156422</subfield>
    <subfield code="d">156422</subfield>
  </datafield>
  <datafield tag="952" ind1=" " ind2=" ">
    <subfield code="0">0</subfield>
    <subfield code="1">0</subfield>
    <subfield code="4">0</subfield>
    <subfield code="7">0</subfield>
    <subfield code="8">LIBXIX</subfield>
    <subfield code="a">ATENEOM</subfield>
    <subfield code="b">ATENEOM</subfield>
    <subfield code="c">SPAL</subfield>
    <subfield code="d">2008-01-17</subfield>
    <subfield code="l">0</subfield>
    <subfield code="o">C-7560</subfield>
    <subfield code="p">1163652</subfield>
    <subfield code="r">2023-02-23 00:00:00</subfield>
    <subfield code="w">2023-02-23</subfield>
    <subfield code="y">MONANT</subfield>
  </datafield>
</record>
